| 000 -LEADER |
| fixed length control field |
nam a22 7a 4500 |
| 005 - DATE AND TIME OF LATEST TRANSACTION |
| control field |
20190128005640.0 |
| 008 - FIXED-LENGTH DATA ELEMENTS--GENERAL INFORMATION |
| fixed length control field |
190128b xxu||||| |||| 00| 0 eng d |
| 020 ## - IDENTIFIER FOR THE MANIFESTATION |
| Identifier for the Manifestation |
9781841930930 |
| Binding |
paperback |
| 040 ## - CATALOGING SOURCE |
| Language of Cataloging |
eng |
| Transcribing Agency |
APEC Schools Library |
| Description Conventions |
rda |
| 082 ## - DEWEY DECIMAL CLASSIFICATION NUMBER |
| Classification number |
C 510 |
| Author's Number |
D261 2002 |
| 100 ## - CREATOR |
| Preferred Name of the Person |
Davis, Barbara |
| 245 ## - TITLE AND STATEMENT OF RESPONSIBILITY |
| Preferred Title Proper |
Succeed in maths |
| Statement of Responsibility/Parallel Statement of Responsibility |
Barabara Davis |
| 264 ## - PUBLICATION STATEMENT |
| Place of publication, distribution, etc |
London : |
| Publisher's Name/Parallel Publisher's Name |
Arcturus Publishing Limited, |
| Copyright |
©2002. |
| Date of Publication |
2002. |
| 300 ## - PHYSICAL DESCRIPTION |
| Extent |
128 pages ; |
| Dimensions |
24 cm. |
| 336 ## - RDA CONTENT |
| Source |
rdacontent |
| Content Type |
text |
| 337 ## - RDA MEDIA |
| Source |
rdamedia |
| Media Type |
unmediated |
| 338 ## - RDA CARRIER |
| Source |
rdacarrier |
| Carrier Type |
volume |
| 650 ## - ADDED SUBJECT ACCESS POINT - TOPICAL TERM |
| Topical Term |
Mathematics |
| 942 ## - ADDED ENTRY ELEMENTS (KOHA) |
| Source of Classification |
|
| Koha Item Type |
Books |